Administración estratégica: textos y casos (Registro nro. 7255)
[ vista simple ]
| 000 -Cabecera | |
|---|---|
| Campo de control de longitud fija | 01042nam a22003857a 4500 |
| 005 - Fecha y hora de la última transacción | |
| Campo de control | 20241212172338.0 |
| 008 - Elementos de longitud fija--Información general | |
| Campo de control de longitud fija | 151006b xxu||||| |||| 00| 0 spa d |
| 041 ## - Idioma | |
| Código de idioma | |
| 082 ## - Clasificación Decimal Dewey | |
| Número de clasificación | 658.401.2 D475a5 |
| 100 ## - Entrada principal--Autor personal | |
| Nombre personal | Dess, Gregory |
| 9 (RLIN) | 40134 |
| 245 ## - Título propiamente dicho | |
| Título | Administración estratégica: textos y casos |
| 250 ## - Edición | |
| Mención de edición | 5 edición |
| 260 ## - Pie de imprenta | |
| Lugar de publicación, distribución, etc. | México |
| 260 ## - Pie de imprenta | |
| Nombre del editor, distribuidor, etc. | McGraw Hill |
| 260 ## - Pie de imprenta | |
| Fecha de publicación, distribución, etc. | 2011 |
| 300 ## - Descripción física | |
| Extensión | 489 páginas |
| 650 ## - Materia general | |
| Temática (materia general) | PLANEACIÓN ESTRATÉGICA |
| 650 ## - Materia general | |
| Temática (materia general) | ADMINISTRACIÓN ESTRATÉGICA |
| 650 ## - Materia general | |
| Temática (materia general) | IMPLEMENTACIÓN DE LAS ESTRATEGIAS |
| 650 ## - Materia general | |
| Temática (materia general) | VENTAJAS COMPETITIVAS |
| 650 ## - Materia general | |
| Temática (materia general) | ACTIVOS |
| 650 ## - Materia general | |
| Temática (materia general) | RECURSOS HUMANOS |
| 650 ## - Materia general | |
| Temática (materia general) | EVALUACIÓN DEL AMBIENTE LABORAL |
| 650 ## - Materia general | |
| Temática (materia general) | INDICADORES |
| 650 ## - Materia general | |
| Temática (materia general) | TECNOLOGÍA |
| 650 ## - Materia general | |
| Temática (materia general) | ESTRUCTURA ORGANIZACIONAL |
| 650 ## - Materia general | |
| Temática (materia general) | CAPITAL SOCIAL |
| 650 ## - Materia general | |
| Temática (materia general) | MERCADOS GLOBALES |
| 650 ## - Materia general | |
| Temática (materia general) | LIDERAZGO |
| 650 ## - Materia general | |
| Temática (materia general) | ORGANIZACIÓN DE APRENDIZAJE |
| 650 ## - Materia general | |
| Temática (materia general) | RECURSOS TANGIBLES |
| 650 ## - Materia general | |
| Temática (materia general) | INNOVACIÓN |
| 942 ## - Punto de acceso adicional KOHA | |
| Tipo de ítem KOHA | Libro |
| Fuente del sistema de clasificación o colocación | Dewey Decimal Classification |
| Signatura completa | Código de barras | Programa Académico | Tipo de ítem |
|---|---|---|---|
| 658.401.2 D475a5 | 19647 | Libro |